Statistics for Biggest Cities in California A-Z

Click here to take the quiz!

General Stats

  • This quiz has been taken 62 times
  • The average score is 13 of 23

Answer Stats

LetterCity% Correct
LLos Angeles
98%
SSan Diego
94%
BBakersfield
89%
FFresno
87%
AAnaheim
85%
OOakland
81%
IIrvine
72%
CChula Vista
66%
RRiverside
64%
MModesto
62%
HHuntington Beach
53%
EElk Grove
47%
GGlendale
45%
PPomona
42%
VVisalia
42%
TTorrance
38%
DDowney
36%
UUpland
34%
JJurupa Valley
32%
WWest Covina
32%
YYuba City
30%
NNorwalk
26%
KKerman
11%

Score Distribution

Percentile by Number Answered

Percent of People with Each Score

Your Score History

You have not taken this quiz